000
00348 a2200157 4500
001
148643
040
_c
Escola São Tomás de Aquino
100
_a
RENNÓ, Regina
240
1
0
_a
Lápis de cor
_l
por
245
1
0
_a
Lápis de cor
300
_a
23
362
0
_a
2010
440
1
_a
Editora do Brasil
697
_a
*LITERATURA INFANTO
942
_c
BK
999
_c
148643
_d
148643